000 00456nam a22001817a 4500
003 MPLRDC
005 20220104123730.0
008 210129b ||||| |||| 00| 0 eng d
020 _a957-32-2138-1
082 _a411.3 STON
100 _aKATHY STONE
245 _a我不再吃零食
_c宇沙译
250 _a初版一刷
260 _a
_b远流出版事业股份有限
_c1994
300 _b
650 _a营养与食品
942 _cBK
_o411.3 STON
999 _c13754
_d13744